00624nam a2200193 i 4500001000300000245007500003260003000078300003400108650002000142650002200162650002000184650002500204020001500229040000800244041000700252080003200259008004100291856009800332bg00aInternet 2000 :bprawo-ekonomia-kultura /cpod red. Ryszarda Skubisza. aLublin :b"Verba",c2000. a470, [1] s. :brys. ;c21 cm. 9aInternetxprawo 9aInternetxochrona 9aInternetxetyka 9aInternetxstosowanie a8387497363 cBPK0 apl a347.78:004.738.5:004.056.53 s pl f |000 0 pol  uhttp://koha.tu.koszalin.pl/cgi-bin/koha/opac-detail.pl?biblionumber=37206yKatalog online BPK